[Event "Yingmei CHN-chT 2018"]
[Site "Shenzhen"]
[Date "2018.04.14"]
[Round "4"]
[White "Xu, Yi"]
[Black "Lan, Zilun"]
[Result "1-0"]
[WhiteElo "2522"]
[BlackElo "2347"]
[Annotator "TA"]
[PlyCount "115"]
[EventDate "2018.??.??"]
[EventCountry "CHN"]
[SourceTitle "playchess.com"]
[Source "ChessBase"]
[SourceQuality "1"]

{[%evp 14,115,36,27,45,53,44,48,58,45,62,47,47,37,52,64,50,52,61,36,65,63,79,62,78,65,65,66,63,61,47,47,75,64,75,76,102,81,93,72,98,106,98,100,111,104,120,118,147,179,514,235,634,178,189,153,209,211,225,137,177,160,260,248,238,260,330,330,325,318,364,262,283,272,246,83,97,93,143,148,176,140,475,463,439,393,922,922,904,894,990,983,953,949,5606,2720,2013,1425,29986,29987,29989,29988,29988,29989]} 1. e4 d6 2. d4 Nf6 3. Nc3 e5 4. Nf3 Nbd7 5. Bc4 Be7 6. O-O O-O 7. Re1 Nb6 {C41: Philidor Defence} (7... c6 8. a4 a5 9. h3 Re8 10. Ba2 Bf8 11. Be3 Qc7 12. Ng5 Re7 13. f4 b6 14. fxe5 dxe5 15. d5 cxd5 16. exd5 {1-0 (16) Wang,H (2709)-Ivanchuk,V (2726) Huaian 2017}) 8. Bf1 {LiveBook: 28 Games} Bg4 9. dxe5 Bxf3 $1 {White is slightly better.} 10. Qxf3 dxe5 11. Qg3 Nfd7 $146 ({Predecessor:} 11... Nbd7 12. Rd1 c6 13. Bh6 Ne8 14. Qg4 f5 15. exf5 {1-0 (29) Perunovic,M (2547)-Jurkovic,A (2348) Bizovac 2007}) 12. Bh6 {[%csl Gh6][%cal Rg3g7]} Bf6 13. Rad1 Qe7 14. Nd5 Nxd5 15. exd5 Rfd8 16. c4 Nf8 17. Bd2 a5 18. a3 b6 19. b4 axb4 20. Bxb4 Qd7 21. Be2 {[%cal Bf1e2,Be2f3,Bf3d1,Bd1c2][%mdl 32]} Qa4 22. Bf3 Rab8 23. Rc1 Nd7 24. Bd1 Qa7 25. Bc2 Nc5 26. f4 exf4 27. Qxf4 Rd6 28. Re2 Rbd8 29. Rce1 {White wants to mate with Re8+.} Qa8 {[#]} 30. a4 $1 $40 {[%cal Ba3a4,Ba4a5][%mdl 672] White attacks with force.} g6 {[#]} (30... Nxa4 31. Qe4) 31. a5 $1 {[%mdl 512] Threatens to win with Re7!} Kg7 $2 (31... Qb8 {is tougher.} 32. Re3 Rf8) (31... bxa5 32. Bxc5) 32. Rf1 (32. axb6 cxb6 33. g4 h6 $18) (32. g4 $142) 32... Qc8 $2 {[#]} (32... Re8) 33. h3 $2 (33. Bc3 $1 {[%mdl 512]} Bxc3 34. Qxf7+ Kh6 35. Re7) 33... Qd7 $18 34. Kh1 Kg8 (34... Rf8 $16 {was worth a try.} 35. Rfe1 (35. axb6 cxb6 36. Be1 Qd8 $16) 35... Ra8) 35. Rfe1 Kg7 36. Qf2 Ra8 37. Qf3 Qd8 (37... Rf8 $16 38. Qe3 Kg8) 38. Rf1 Qf8 39. Qe3 Qd8 40. Ref2 {aiming for Rxf6!} ({Weaker is} 40. axb6 cxb6 41. Qf2 (41. Bxc5 bxc5 42. Ref2 Qc7 $14) 41... Kg8 $16) 40... Kg8 41. Rf3 Bg5 42. Qf2 f5 43. axb6 cxb6 {[#]} 44. Bxc5 $2 (44. Bxf5 $1 $18 {and the rest is easy.} gxf5 45. Rxf5) 44... bxc5 $16 45. Qxc5 Ra2 46. Bb3 Re2 47. Qd4 {c5 is the strong threat.} Rde6 $2 {[%mdl 8192]} (47... Re4 $16 {is more resistant.} 48. Qa7 Rd7) 48. c5 $18 Bf6 49. Qd3 R6e4 $2 (49... Re8 50. d6+ Kg7) 50. d6+ Kg7 51. c6 Be5 52. c7 Qg5 53. Rg1 Bd4 54. Qxd4+ (54. c8=Q $142 Bxg1 55. Qg8+ Kh6 56. Qf8+ Kh5 57. Rg3) 54... Rxd4 55. c8=Q Rxd6 56. Qg8+ {White mates.} Kf6 57. Qf7+ Ke5 58. Qe8+ {Precision: White = 54%, Black = 37%.} 1-0

[Event "Yingmei CHN-chT 2018"]
[Site "Shenzhen"]
[Date "2018.04.14"]
[Round "4"]
[White "Li, Shilong"]
[Black "Zhao, Yuanhe"]
[Result "1-0"]
[WhiteElo "2519"]
[BlackElo "2383"]
[Annotator "TA"]
[PlyCount "105"]
[EventDate "2018.??.??"]
[EventCountry "CHN"]
[SourceTitle "playchess.com"]
[Source "ChessBase"]
[SourceQuality "1"]

{[%evp 23,105,52,60,52,49,43,49,4,29,25,27,32,36,42,56,32,47,16,53,26,48,14,23,15,25,10,33,23,44,0,0,-6,0,0,0,0,15,0,0,15,19,18,37,26,22,29,68,60,68,61,68,39,44,0,73,79,66,70,114,109,120,106,122,102,109,57,55,70,273,266,264,264,308,322,629,631,621,572,616,445,454,456,1098,1095]} 1. d4 d5 2. c4 c6 3. Nf3 Nf6 4. Nc3 e6 5. e3 Nbd7 6. Qc2 Bd6 7. b3 O-O 8. Be2 dxc4 9. bxc4 e5 10. O-O Re8 11. Rd1 e4 12. Nd2 {[%cal Bf3d2,Bd2f1,Bf1g3,Bg3e4,Be4d6][%mdl 32] D45: Semi-Slav: 5 e3} Qe7 {LiveBook: 8 Games} 13. c5 Bc7 14. Ba3 {White is slightly better.} Nf8 15. Nf1 $146 ({Predecessor:} 15. Rab1 Ng6 16. Nc4 Nh4 17. Nd6 Bxd6 18. cxd6 Qe6 19. d5 cxd5 {½-½ (40) Gandrud,V (2169)-Bruehl,A (2360) Helsingor 2009}) 15... Ba5 16. Rab1 Bxc3 17. Qxc3 Be6 18. Qb2 Rab8 19. Ng3 Qd7 20. Bb4 Ng6 21. d5 Nxd5 22. Nxe4 (22. Bc3 $5) 22... Bf5 23. Nd6 Bxb1 24. Nxe8 Rxe8 25. Qxb1 Qe7 26. Bd2 Nf8 27. Bf3 Ne6 28. e4 Nf6 29. Be3 Rb8 30. Qc2 Nd7 31. Rc1 Rd8 32. Be2 Nf6 33. Qc4 Nf8 34. f3 Ng6 35. Qb3 Nh5 36. Bf1 Nhf4 37. Qa3 (37. Rb1 {looks sharper.} Rd7 38. Qa3 b5 39. Qa6 Rc7 40. Qa5) 37... b5 38. Qa6 Qc7 (38... Nd5 $11 {keeps the balance.} 39. Bf2 Ndf4) 39. a4 $16 b4 40. Rb1 Rb8 {[#]} 41. g3 $1 $36 {[%cal Rg3f4][%mdl 2048] White is on the roll.} Ne6 42. f4 {Strongly threatening f5.} Nef8 43. Bc4 Nd7 44. Ba2 (44. Bb3 $16) 44... Nf6 $14 45. e5 Nd5 $2 ({Better is} 45... Ne4 $14) 46. Bxd5 $1 $18 cxd5 {[#]} 47. Qd6 $1 {[%cal Rd6c7]} Qc8 48. c6 {[%cal Bc5c6,Bc6c7][%mdl 32] c7 is the strong threat.} (48. Qxd5 Ne7 $14) 48... a5 $2 (48... Nf8 49. Bxa7 Qf5) 49. c7 {White is clearly winning.} Ra8 50. Bb6 Nf8 51. Qd8 Qf5 52. Re1 Rc8 (52... Qe6 $142 53. Bxa5 (53. Qxa8 Qxb6+ 54. Kh1 Qxc7 $16) 53... Qc6) 53. e6 {Precision: White = 59%, Black = 46%.} 1-0

[Event "Yingmei CHN-chT 2018"]
[Site "Shenzhen"]
[Date "2018.04.14"]
[Round "4"]
[White "Wang, Chen"]
[Black "Li, Yankai"]
[Result "1/2-1/2"]
[WhiteElo "2495"]
[BlackElo "2430"]
[Annotator "TA"]
[PlyCount "59"]
[EventDate "2018.??.??"]
[EventCountry "CHN"]
[SourceTitle "playchess.com"]
[Source "ChessBase"]
[SourceQuality "1"]

{[%evp 16,59,52,40,40,22,33,41,35,37,32,21,36,1,0,0,0,0,0,0,0,0,0,0,0,0,0,0,0,0,0,0,0,0,0,0,0,0,0,0,0,0,0,0,0,-4]} 1. e4 c5 2. Nf3 d6 3. Bb5+ Nc6 4. O-O Bd7 5. Re1 a6 6. Bxc6 Bxc6 7. d4 cxd4 8. Nxd4 Bd7 {B51: Sicilian: Moscow Variation (3 Bb5+) without 3...Bd7} (8... Nf6 9. Nxc6 bxc6 10. c4 g6 11. c5 d5 12. Qa4 Qd7 13. Nc3 Bg7 14. e5 Ng8 15. Bg5 h6 16. Bf4 g5 {0-1 (42) David,A (2595)-Van Wely,L (2609) Schifflange 2017}) 9. c4 {LiveBook: 7 Games} e6 10. Nc3 $146 ({Predecessor:} 10. Qd3 Ne7 11. b3 Ng6 12. Nf3 Be7 13. Nc3 O-O 14. Bb2 Qc7 15. Rad1 Rfd8 16. Qd4 {0-1 (29) Mikkelsen,N (2426)-Matlakov,M (2487) St Petersburg 2009}) 10... Be7 11. Qd3 Nf6 12. b3 O-O 13. Bb2 Qb8 14. Rad1 b5 {The position is equal.} 15. cxb5 axb5 16. Ndxb5 Bxb5 17. Qxb5 Qxb5 18. Nxb5 {Bxf6 is the strong threat.} Rxa2 19. Bxf6 gxf6 20. g3 Rfa8 21. Kg2 Rb2 22. Rb1 Raa2 23. Rxb2 Rxb2 $11 {[%mdl 4096] Endgame KRB-KRN} 24. Rd1 Rxb3 25. Nxd6 Rb4 26. Kf3 Rb3+ 27. Kg2 Rb4 28. Kf3 Rb3+ 29. Kg2 Rb4 30. Kf3 {Precision: White = 83%, Black = 70%.} 1/2-1/2

[Event "Yingmei CHN-chT 2018"]
[Site "Shenzhen"]
[Date "2018.04.14"]
[Round "4"]
[White "Saduakassova, Dinara"]
[Black "Xu, Yuze"]
[Result "1-0"]
[WhiteElo "2481"]
[BlackElo "2021"]
[Annotator "TA"]
[PlyCount "95"]
[EventDate "2018.??.??"]
[EventCountry "CHN"]
[SourceTitle "playchess.com"]
[Source "ChessBase"]
[SourceQuality "1"]

{[%evp 30,95,36,23,12,0,0,0,0,0,72,47,68,64,73,40,38,16,12,0,9,23,14,23,114,100,185,186,200,187,197,172,187,188,216,193,312,317,318,300,291,211,202,217,231,225,499,495,476,475,515,522,514,506,527,491,616,615,6542,2338,29981,29982,29982,29983,29983,29984,29984,29985]} 1. d4 Nf6 2. c4 e6 3. Nf3 Bb4+ 4. Bd2 Qe7 5. g3 Nc6 6. Nc3 Bxc3 7. Bxc3 Ne4 8. Rc1 O-O 9. Bg2 d6 10. d5 Nxc3 11. Rxc3 Nb8 12. dxe6 fxe6 13. Nd4 {E11: Bogo-Indian} (13. O-O Nd7 14. Nd4 Nf6 15. Qd2 e5 16. Nc2 Be6 17. Ne3 Rab8 18. b4 a6 19. Nd5 Qd7 20. Rd1 Ng4 21. f3 Nh6 {½-½ (43) Markus,R (2662)-Popov,S (2447) Kragujevac 2016}) 13... c6 14. O-O e5 15. Nc2 Be6 16. Qd2 {LiveBook: 4 Games} Nd7 17. Rd1 Nb6 18. b3 d5 $1 19. cxd5 Bxd5 $146 (19... Nxd5 $11 {keeps the balance.} 20. Rd3 a5) ({Predecessor:} 19... cxd5 20. e3 Rad8 {0-1 (37) Janzelj,T (2287)-Hasanagic,A (2113) Ljubljana 2013}) 20. e4 $16 Be6 21. Rd3 $36 {[%mdl 2048] White has the initiative.} a5 22. a4 Qf7 23. Rf3 (23. Ne3 {with more complications.} Nd7 24. Rc1 Qe7 25. Nf5 Bxf5 26. exf5 Nf6 27. Re1) 23... Qe7 24. Rxf8+ Qxf8 25. Qc3 Nd7 26. Bf1 Qf7 {[#]} (26... Re8 $11 {remains equal.}) 27. Ne3 $1 g6 (27... Nf6 $16) 28. Rd2 $18 Qe7 29. Bc4 Bxc4 30. Nxc4 ({Don't do} 30. Qxc4+ $6 Kh8 $14) 30... b6 31. Kg2 Rf8 32. Qe3 Nc5 (32... Rb8 {was necessary.} 33. h4 Kh8) 33. Nxb6 Rb8 34. Rc2 Nxe4 35. Qxe4 Rxb6 36. Rxc6 Rxc6 37. Qxc6 {[%mdl 4096] Endgame KQ-KQ} e4 $2 {[#]} (37... Qb4 38. Qe8+ Kg7 39. Qxe5+ Kf7 40. Qd5+ Kg7) 38. Qa8+ Kf7 39. Qxa5 Qb7 40. Qb5 Qa8 41. Kg1 Qd8 42. Qb7+ Kg8 {intending ...Qd1+.} 43. Qxe4 Qd1+ 44. Kg2 Qxb3 45. a5 {[%cal Ba4a5,Ba5a6][%mdl 32] White mates.} Qb5 46. Qa8+ Kg7 47. a6 Qa5 48. Qb7+ {Precision: White = 68%, Black = 28%.} 1-0

[Event "Yingmei CHN-chT 2018"]
[Site "Shenzhen"]
[Date "2018.04.14"]
[Round "4"]
[White "Ding, Yixin"]
[Black "Harika, Dronavalli"]
[Result "1/2-1/2"]
[WhiteElo "2419"]
[BlackElo "2503"]
[Annotator "TA"]
[PlyCount "107"]
[EventDate "2018.??.??"]
[EventCountry "CHN"]
[SourceTitle "playchess.com"]
[Source "ChessBase"]
[SourceQuality "1"]

{[%evp 14,107,47,33,44,24,27,22,20,11,28,16,17,19,17,24,77,82,89,102,104,122,124,119,102,100,120,102,168,159,155,133,214,204,213,215,201,191,231,166,292,269,274,175,190,172,189,198,176,175,179,200,192,171,182,91,132,113,94,39,58,51,54,0,0,0,0,0,0,0,0,0,0,0,0,0,11,0,0,0,4,8,25,0,0,0,0,0,0,0,0,0,0,0,0,0]} 1. e4 e5 2. Nf3 Nc6 3. Nc3 Nf6 4. d4 exd4 5. Nxd4 Bc5 6. Be3 Bb6 7. Qd2 {C47: Scotch Four Knights and Four Knights with 4 g3} (7. Bb5 O-O 8. O-O Re8 9. f3 Ne5 10. Bf2 c6 11. Ba4 d5 12. exd5 Nxd5 13. Nxd5 Qxd5 14. Bb3 Qd6 {1-0 (43) Andreikin,D (2734)-Carlsen,M (2838) chess.com INT 2017}) 7... O-O 8. O-O-O {LiveBook: 11 Games} Ng4 9. Nxc6 {White is slightly better.} bxc6 10. Bg5 {[%cal Be3g5,Bg5h4,Bh4f2][%mdl 32]} Qe8 11. Bh4 $1 d6 12. h3 Ne5 13. f4 $146 {[%mdl 2048] White is pushing.} ({Find the theoretical novelty and annotate with similar games:} 13. f3 Be6 14. Bg3 Nc4 15. Bxc4 Bxc4 {0-1 (40) Finlayson,M-Westerman,O ICCF email 2013}) 13... Ng6 14. Bf2 f5 (14... Ba5 $11 {remains equal.}) 15. exf5 $16 Bxf5 16. Bc4+ Kh8 17. Rhe1 Qd8 18. g4 Bxf2 19. Qxf2 Bd7 {[#]} 20. f5 $1 Nh4 (20... Qg5+ $16 {was called for.} 21. Kb1 Qf4) 21. Ne4 Ng6 22. Bb3 a5 {[#]} (22... Ne5 $16) 23. a4 $1 $18 Ne5 24. Kb1 Qe7 25. Qe3 Rab8 26. Nc5 Qf6 (26... Rbe8 $142) 27. Qc3 Bc8 28. Nd3 Nxd3 29. Qxf6 ({But not} 29. Qxd3 $6 c5 $14) 29... gxf6 30. Rxd3 Ba6 31. Rde3 c5 32. Bd5 Bb7 33. Bxb7 Rxb7 {[%mdl 4096] Endgame KRR-KRR} 34. Kc1 (34. Re7 $18) 34... Kg7 35. Re7+ Rf7 36. Re8 (36. c3 $16) 36... Rb4 $1 $14 37. b3 c4 $1 38. R1e4 ({White should play} 38. R1e3 $14) 38... d5 $1 $11 {[%cal Rd5e4]} 39. Rd4 (39. Rf4 {NOTEXT} Rd7 40. Ra8 d4 41. Rxd4 Rxd4 42. c3) 39... c5 40. Rxd5 cxb3 41. cxb3 Rxb3 42. Rxc5 Rxh3 43. Rxa5 Rc7+ 44. Kb2 Rg3 45. Raa8 {Strongly threatening Rg8+.} Kh6 46. Re6 {Rg8 is the strong threat.} Rxg4 47. Rxf6+ Kg5 48. Rff8 Rb4+ {The position is equal.} 49. Ka3 Rbb7 50. Ra5 Rc3+ 51. Ka2 Rc2+ 52. Ka1 Rc1+ 53. Ka2 Rc2+ 54. Ka1 {Precision: White = 65%, Black = 60%.} 1/2-1/2

[Event "Yingmei CHN-chT 2018"]
[Site "Shenzhen"]
[Date "2018.04.14"]
[Round "4"]
[White "Xiang, Zeyu"]
[Black "Zhang, Ziji"]
[Result "1/2-1/2"]
[WhiteElo "2411"]
[BlackElo "2360"]
[Annotator "TA"]
[PlyCount "60"]
[EventDate "2018.??.??"]
[EventCountry "CHN"]
[SourceTitle "playchess.com"]
[Source "ChessBase"]
[SourceQuality "1"]

{[%evp 27,60,0,0,0,0,0,0,0,0,0,-7,-7,0,-16,0,0,0,0,11,0,6,6,6,6,6,6,4,2,2,0,0,0,0,0,0]} 1. d4 d5 2. c4 e6 3. Nf3 Nf6 4. g3 dxc4 5. Bg2 c5 6. O-O Nc6 7. dxc5 Qxd1 8. Rxd1 Bxc5 9. Nbd2 c3 10. bxc3 O-O {E04: Open Catalan: 5 Nf3} 11. Ne1 Rd8 12. Nd3 Be7 13. Rb1 Nd5 14. Bb2 Bd7 {LiveBook: 5 Games. The position is equal.} 15. Ba1 b6 16. c4 Nf6 17. Nb3 {With the idea Ne5.} Be8 18. c5 {[#]} Rab8 $146 19. Kf1 Kf8 20. Ke1 bxc5 21. Nbxc5 Rb6 22. Rdc1 Rdb8 23. Rb3 Rxb3 24. axb3 Nb4 25. Bd4 Nxd3+ 26. Nxd3 Rxb3 27. Bxa7 Bd6 28. Bc6 Bxc6 29. Rxc6 Ke7 30. Rc1 Rb7 {Precision: White = 77%, Black = 65%.} 1/2-1/2

[Event "Yingmei CHN-chT 2018"]
[Site "Shenzhen"]
[Date "2018.04.14"]
[Round "4"]
[White "Wang, Jue"]
[Black "Vo, Thi Kim Phung"]
[Result "1/2-1/2"]
[WhiteElo "2365"]
[BlackElo "2393"]
[Annotator "NA RC"]
[PlyCount "66"]
[EventDate "2018.??.??"]
[EventCountry "CHN"]
[SourceTitle "playchess.com"]
[Source "ChessBase"]
[SourceQuality "1"]
[TimeControl "5400+30"]

1. e4 e6 2. d4 d5 3. Nc3 Bb4 4. e5 c5 5. a3 Bxc3+ 6. bxc3 Ne7 7. Nf3 h6 8. Bd3 {C19: French: 3 Nc3 Bb4: Main line: 7 Nf3 and 7 a4} (8. a4 b6 9. Bb5+ Bd7 10. O-O Bxb5 11. axb5 Nd7 12. Qe2 Qc7 13. Ba3 O-O 14. c4 dxc4 15. Qxc4 Rfc8 16. Qe2 Ng6 17. c3 Qb7 18. Qe3 a6 19. dxc5 Nxc5 20. Bxc5 Rxc5 21. bxa6 Rxa6 {0-1 (65) Akopian,V (2648)-Naumann,A (2545) Berlin 2015}) 8... b6 9. O-O c4 10. Be2 Bd7 $146 ({Predecessor:} 10... Nd7 11. Ne1 Nf8 12. f4 Nf5 13. Nf3 Ng6 14. Qe1 Bd7 15. a4 h5 16. Ng5 {1-0 (25) Carrasco de Budinic,B-Guerra,M Sao Paulo 1960}) 11. Qd2 Ba4 12. Bd1 Kd7 13. Qf4 Qg8 14. h4 Nbc6 15. h5 Rf8 16. Ra2 Qh7 17. Qh2 Kc7 18. Bf4 Kb7 19. Re1 Rhg8 20. Nd2 a6 21. Nf1 Na7 22. Bd2 Nb5 23. Ne3 Nc6 24. Rf1 $11 Nc7 25. f4 f5 26. Bf3 Rd8 27. Rb1 Ka7 28. Rab2 Rb8 29. Kf2 Rgf8 30. Qh4 Rf7 31. Qh1 Qg8 32. Qf1 Na5 33. Qe2 Qd8 1/2-1/2

[Event "Yingmei CHN-chT 2018"]
[Site "Shenzhen"]
[Date "2018.04.14"]
[Round "4"]
[White "Xiao, Yiyi"]
[Black "Tan, Zhongyi"]
[Result "1/2-1/2"]
[WhiteElo "2363"]
[BlackElo "2523"]
[Annotator "TA"]
[PlyCount "61"]
[EventDate "2018.??.??"]
[EventCountry "CHN"]
[SourceTitle "playchess.com"]
[Source "ChessBase"]
[SourceQuality "1"]

{[%evp 15,61,-41,-30,-33,5,5,9,12,46,45,57,52,57,56,56,56,56,60,60,48,62,0,0,0,0,0,0,-7,-7,-7,-5,-2,0,0,0,0,4,6,3,0,0,0,0,0,0,0,0,-6]} 1. Nf3 Nf6 2. g3 d5 3. Bg2 Nbd7 4. d4 e6 5. O-O b5 6. Ne5 {D02: 1 d4 d5 2 Nf3 sidelines, including 2...Nf6 3 g3 and 2...Nf6 3 Bf4} (6. Qd3 Rb8 7. Ne5 Nxe5 8. dxe5 Nd7 9. e4 Nxe5 10. Qd4 Bd6 11. exd5 O-O 12. Nc3 exd5 13. Nxd5 {½-½ (52) Mamedyarov,S (2799)-Oparin,G (2602) Moscow 2017}) 6... Bb7 7. c4 bxc4 8. Nxc4 c6 {LiveBook: 5 Games} 9. Ne5 Bd6 $146 ({Find the theoretical novelty and annotate with similar games:} 9... c5 10. Nd2 cxd4 11. Ndf3 Bd6 12. Bf4 Nxe5 13. Bxe5 O-O 14. Qxd4 {½-½ (45) Quezada Vera,L (2438)-Luther,T (2525) Havana 2011}) 10. Nxd7 Nxd7 11. e4 dxe4 12. Nc3 O-O 13. Nxe4 Nf6 14. Bg5 Be7 $1 15. Nc5 Bxc5 16. dxc5 Qxd1 17. Rfxd1 Nd5 18. Bxd5 ({White should try} 18. Rd4 $14) 18... exd5 $11 {The position is equal.} 19. Re1 Rfe8 20. Bd2 f6 21. Rxe8+ Rxe8 22. Re1 Rxe1+ 23. Bxe1 {[%mdl 4096] Endgame KB-KB} Kf7 24. Bc3 Ba6 25. Kg2 Ke6 26. Kf3 Bc4 27. a3 Bb3 28. Bd4 a5 29. Bc3 a4 30. Ke3 h5 31. f3 {Precision: White = 73%, Black = 67%.} 1/2-1/2

[Event "Yingmei CHN-chT 2018"]
[Site "Shenzhen"]
[Date "2018.04.14"]
[Round "4"]
[White "Zou, Chen"]
[Black "Peng, Hongchi"]
[Result "1/2-1/2"]
[WhiteElo "2363"]
[BlackElo "2312"]
[Annotator "TA"]
[PlyCount "68"]
[EventDate "2018.??.??"]
[EventCountry "CHN"]
[SourceTitle "playchess.com"]
[Source "ChessBase"]
[SourceQuality "1"]

{[%evp 11,68,33,47,23,22,11,16,0,42,8,14,6,12,0,11,12,18,0,20,0,16,14,10,0,0,-40,0,-21,-3,-31,-22,-73,-43,-68,-61,-60,-27,-13,-15,-60,0,0,0,0,0,0,6,6,6,6,6,6,6,6,6,6,6,6,6]} 1. e4 e5 2. Nf3 Nc6 3. Bb5 g6 4. O-O Bg7 5. c3 a6 6. Ba4 {C60: Ruy Lopez: Unusual Black 3rd moves and 3...g6} Nge7 {LiveBook: 515 Games} 7. h3 O-O 8. d4 {[%cal Bd2d4,Bd4d5][%mdl 32]} b5 9. Bc2 $146 ({Predecessor:} 9. Bb3 exd4 10. cxd4 d6 11. Nc3 Na5 12. Bc2 c5 13. Re1 {0-1 (39) Leko,P (2752)-Aronian,L (2786) Moscow 2009}) 9... d6 10. d5 Na5 11. a4 {[#] aiming for axb5.} Bd7 12. Nbd2 c6 13. b4 (13. axb5 {keeps more tension.} axb5 14. dxc6 Bxc6 15. b4 Nb7 16. Rxa8 Qxa8 17. Re1) 13... Nb7 14. dxc6 Bxc6 15. axb5 axb5 16. Rxa8 Qxa8 17. c4 Nd8 18. Qe2 Qb8 19. Rd1 Ne6 20. g3 Rc8 21. Ba3 (21. Bb2 $11 {keeps the balance.}) 21... bxc4 22. Nxc4 Bb5 23. Bd3 {White wants to play Nxd6!} d5 24. Ncxe5 Ba4 25. Ra1 $1 Nd4 (25... Bxe5 $15 26. Nxe5 dxe4 27. Qxe4 Ng5 28. Nxg6 Nxg6) 26. Nxd4 $11 {The position is equal.} Bxe5 27. Bb2 Qxb4 28. Nf5 gxf5 29. Bxe5 dxe4 30. Qh5 {[#] White threatens Qh6 and mate.} Ng6 $1 $132 {[%mdl 2048] Black is not keeping still} ({Stronger than} 30... exd3 31. Qh6 f6 32. Qxf6 Rc1+ 33. Rxc1 Qe1+ 34. Rxe1 h5 35. Qg7#) 31. Qxf5 Re8 $1 32. Qxe4 Qxe4 33. Bxe4 Bd7 34. Bxg6 Rxe5 {Precision: White = 50%, Black = 60%.} 1/2-1/2

[Event "Yingmei CHN-chT 2018"]
[Site "Shenzhen"]
[Date "2018.04.14"]
[Round "4"]
[White "Lin, Yi"]
[Black "Wan, Yunguo"]
[Result "1/2-1/2"]
[WhiteElo "2360"]
[BlackElo "2500"]
[Annotator "TA"]
[PlyCount "96"]
[EventDate "2018.??.??"]
[EventCountry "CHN"]
[SourceTitle "playchess.com"]
[Source "ChessBase"]
[SourceQuality "1"]

{[%evp 23,96,26,22,27,23,13,13,0,17,12,12,9,11,0,0,0,0,0,0,0,0,0,0,0,0,-5,-7,-25,24,0,0,-13,-12,-7,0,0,0,-6,0,0,0,0,0,0,0,0,0,0,0,0,37,36,38,33,38,0,0,0,0,0,0,0,0,0,0,0,0,0,0,0,8,8,60,77,58]} 1. Nf3 d5 2. d4 c6 3. c4 e6 4. e3 Bd6 5. Bd3 f5 6. O-O Nf6 7. b3 Qe7 8. Bb2 O-O 9. Qc1 Ne4 {A84: Dutch Defence: 2 c4 Miscellaneous} 10. Ba3 Nd7 11. Bxd6 Qxd6 12. Qa3 c5 {LiveBook: 9 Games} 13. Qb2 $146 ({Predecessor:} 13. cxd5 exd5 14. Nbd2 b6 15. Rac1 Bb7 16. Rfd1 Qh6 17. dxc5 bxc5 {1-0 (58) Karjakin,S (2753)-Wei,Y (2724) Heixiazi 2015}) 13... b6 14. Nc3 {next cxd5 is good for White.} Bb7 15. Ne2 Qe7 16. Ne5 dxc4 17. Bxc4 Nd6 $1 18. Bd3 cxd4 19. Nxd7 Qxd7 20. Qxd4 Rad8 21. Rfd1 Qe7 22. Qe5 Nf7 23. Qg3 Rd6 24. Bc4 Rfd8 25. Nc3 (25. Rd4 {looks sharper.} Kf8 26. Nc3 a6 27. Rxd6 Nxd6 28. Rd1) 25... e5 {[#] ...Bxg2! is the strong threat.} 26. f3 Rxd1+ 27. Rxd1 Rxd1+ 28. Nxd1 Qd6 29. Qe1 Kf8 30. Nc3 Qc5 31. Qd2 Bc6 32. Bd5 Be8 33. g3 Nd6 34. Kg2 b5 {[%cal Bb6b5,Bb5b4][%mdl 32]} 35. e4 b4 36. Na4 Qd4 (36... Bxa4 $5 37. bxa4 h6 $11) 37. Qxd4 exd4 $14 {[%mdl 4096] Endgame KBN-KBN} 38. Nc5 fxe4 39. Ne6+ Ke7 {[#] And now ...d3 would win.} 40. Nxd4 exf3+ 41. Kxf3 Kf6 {White must now prevent ...Ke5.} 42. Ke3 a5 43. Bg8 h6 44. Bh7 Bf7 {Hoping for ...g6.} 45. Bc2 Bd5 46. Bd1 Be4 47. Bf3 Bg6 (47... Bxf3 $11 48. Kxf3 Ke5 49. Nc6+ Kd5 50. Nxa5 Kc5) 48. Nc6 $1 Nb5 {Precision: White = 71%, Black = 70%.} 1/2-1/2

[Event "Yingmei CHN-chT 2018"]
[Site "Shenzhen"]
[Date "2018.04.14"]
[Round "4"]
[White "Wang, Yu A"]
[Black "Zhang, Xiaowen"]
[Result "1/2-1/2"]
[WhiteElo "2337"]
[BlackElo "2327"]
[Annotator "TA"]
[PlyCount "62"]
[EventDate "2018.??.??"]
[EventCountry "CHN"]
[SourceTitle "playchess.com"]
[Source "ChessBase"]
[SourceQuality "1"]

{[%evp 34,62,25,15,16,24,24,16,10,0,14,0,0,-1,0,0,14,14,16,18,11,11,11,11,11,11,11,10,11,11,11]} 1. e4 e5 2. Nf3 Nc6 3. Nc3 Nf6 4. d4 exd4 5. Nxd4 Bb4 6. Nxc6 bxc6 7. Bd3 d5 8. exd5 cxd5 9. O-O O-O 10. Bg5 c6 11. Qf3 Bd6 12. Rae1 Rb8 13. Nd1 h6 {C47: Scotch Four Knights and Four Knights with 4 g3} 14. Bxf6 Qxf6 15. Qxf6 gxf6 16. b3 f5 (16... a5 17. Ne3 Bb4 18. Re2 a4 19. Nf5 Bxf5 20. Bxf5 Rfd8 21. Re3 axb3 22. axb3 c5 23. Rg3+ Kf8 24. Rh3 Kg7 25. Rg3+ Kf8 26. Rh3 {½-½ (26) Wei,Y (2743)-Matlakov,M (2718) Wijk aan Zee 2018}) 17. Ne3 f4 18. Nf5 {LiveBook: 4 Games} Bxf5 $1 19. Bxf5 Kg7 {[#]} 20. Re2 $146 ({Find the theoretical novelty and annotate with similar games:} 20. g3 a5 21. Kg2 {½-½ (29) Glazman,M (2573)-Shaw,S (2393) ICCF email 2011}) 20... Kf6 {The position is equal.} 21. Bd3 Rfe8 22. Rfe1 Re6 23. g3 Rbe8 (23... Bb4 {NOTEXT} 24. Rd1 Rbe8 25. Rxe6+ fxe6 26. Kg2 Rg8) 24. Kg2 Rxe2 (24... Bb4 {NOTEXT} 25. Rxe6+ fxe6 26. c3 Bxc3 27. Rc1 Bd4) 25. Rxe2 Rxe2 26. Bxe2 fxg3 27. hxg3 $11 {KB-KB} Bc5 28. f4 Bb6 29. Bd3 Ke6 30. Kf3 Kf6 31. Be2 Ke6 {Precision: White = 63%, Black = 74%.} 1/2-1/2